| 000 | 00812nam a2200253 a 4500 | ||
|---|---|---|---|
| 001 | BRCA_6724 | ||
| 005 | 20190320205551.0 | ||
| 008 | 191011s1889----enka######---#000-0#eng-# | ||
| 041 | _aeng | ||
| 044 | _aenk | ||
| 050 | 4 |
_aGV791 _b.W66 _c1889 |
|
| 245 | 1 | 0 |
_aBoating _cW.B Woodgate ; with numerous engravings after Frank Dadd and from photographs |
| 250 | _a2 | ||
| 260 |
_aLondres _bLongmans, Green and Co. _c1889 |
||
| 300 |
_ax, 350 p. _bil. (algunas a color), 5 láminas _c20 cm. |
||
| 440 | 0 |
_aBadminton library of sports and pastimes _916797 |
|
| 500 | _aIncluye lista de ilustraciones e índice alfabético | ||
| 500 | _aEsrado físico: algunas hojas mutiladas | ||
| 500 | _aI100 | ||
| 650 | 1 | 4 |
_aRemo (Deporte) _910332 |
| 700 | 1 |
_aDadd, Frank _eGrabador _916798 |
|
| 902 | _aGFM | ||
| 942 |
_2lcc _cB |
||
| 999 |
_c6407 _d6407 |
||